000 00434nam a2200145Ia 4500
008 100204s9999 xx 000 0 und d
082 _b8948
100 _aटागोर रविंद्र्रनाथ
245 _aविभा
260 _b"युवराज ग्रंथ वितरक, सोलापूर 1"
_c1986
300 _a147
630 _aविभा
730 _aविभा
942 _cBOOK
999 _c453384
_d453381